000 03003nam a2200337 i 4500
999 _c65609
_d65609
001 768714001
003 CO-MdFUSB
005 20200603173220.0
007 ta
008 200402t2002 mau |||| |||| 00| 0 eng d
020 _a9780801047275
040 _aCO-MdFUSB
_bspa
_cCO-MdFUSB
_dCO-MdFUSBC
_erda
041 _aeng
082 _223
_a227.407
_bG146
245 1 4 _aThe Galatians debate :
_b contemporary issues in rhetorical and historical interpretation
_c/ editado por Mark Nanos
264 1 _aMassachusetts :
_bHendrickson Publishers,
_c[2002]
264 4 _c© 2002
300 _a571 páginas
_c; 24 cm
336 _2rdacontent
_atexto
_btxt
337 _2rdamedia
_asin mediación
_bn
338 _2rdacarrier
_avolumen
_bnc
500 _aColección Dawn Christina Harrell
505 _aLa composición literaria y la función de la carta de Pablo a los Gálatas / Hans Dieter Betz. -- El esquema retórico para Gálatas: una reconsideración / Robert G. Hall. -- La carta de Pablo a los Gálatas: un discurso deliberativo / Joop Smit. -- Gálatas ( 1: 1-5): Pablo y la retórica grecorromana / Robert M. Berchman. -- Apostasía al paganismo: la estasis retórica de la controversia de Galacia / Troy Martin. -- Epístolas de San Pablo y la retórica griega y romana antigua / Carl Joachim Classen. -- Carta de Pablo a los Gálatas: género epistolar, contenido y estructura / Nils A. Dahl. -- Un paradigma del apocalipsis: el Evangelio a la luz del análisis epistolar / G. Walter Hansen. -- Identificación retórica en la narrativa autobiográfica de Pablo: Gálatas 1: 13-2: 14 / Paul E. Koptak - Argumentación de Pablo en Gálatas 1-2 / Johan S. Vos. -- Retórica epidictica y personalidad en Gálatas 1 y 2 / James D. Hester -- El incidente en Antioquía (Gálatas 2: 11-18) / James DG Dunn - El judaísmo, la circuncisión de los gentiles y la esperanza -- apocalíptica: otra mirada a Gálatas 1 y 2 / Paula Fredriksen. -- Hacer y romper un acuerdo Mediterráneo estilo: una nueva lectura de Gálatas 2: 1-14 / Philip F. Esler. -- ¿Qué estaba en juego en el 'comer con gentiles' de Pedro en Antioquía? / Mark D. Nanos. -- La oposición a Paul / AE Harvey.
505 0 _a -- Los agitadores y la congregación de Galacia / Robert Jewett -- Una misión observante de la ley a los gentiles / J. Louis Martyn. -- Paul y los opositores del Evangelio de Cristo en Galacia / Nikolaus Walter, traducción de Mark D. Nanos. -- Lectura espejo de una carta polémica: Gálatas como caso de prueba / John MG Barclay. -- La situación argumentativa de Gálatas / BC Lategan. -- El contexto político inter e intra-judío de la carta de Pablo a los Gálatas / Mark D. Nanos. -- ¿Gálatas tontos? - una evaluación orientada al destinatario de la carta de Pablo / Dieter Mitternacht.
563 _aRústico
630 7 _aBiblia.
_pGalatas
_xCrítica, interpretación, etc.
700 _93232
_aNanos, Mark.
_eeditor
942 _cBK
945 _aJTF-925
_bAEM-53